| 000 | 00775nam a2200241 i 4500 | ||
|---|---|---|---|
| 001 | 7329 | ||
| 003 | ES-MaACL | ||
| 005 | 20240229062719.0 | ||
| 007 | t| | ||
| 008 | 901120s1990 xxk ||||1| eng d | ||
| 020 | _a0-333-44694-1 | ||
| 080 | _a9(46)"1812/1814" | ||
| 080 | _a9(42)"1812/1814" | ||
| 100 | 1 |
_aEsdaile, Charles J. _947719 |
|
| 245 | 1 | 4 |
_aThe Duke of Wellington and the Command of the Spanish Army, 1812-14 / _cCharles J. Esdaile. |
| 250 | _a1st ed. | ||
| 260 |
_aLondon : _bMacmillan, _c1990. |
||
| 300 |
_aXIII, 237 p. ; _c22 cm. |
||
| 600 | 1 | 4 |
_aWellington, Arthur Wellesley _cDuke of. _9116448 |
| 651 | 4 |
_aEspaƱa- _xHistoria- _y1808-1814, Guerra de la Independencia _98244 |
|
| 852 |
_aES-MaACL _jL-14502 _bR.118389 _z. - cart. |
||
| 999 |
_c7329 _d7329 |
||